Použitie farmakoekonomiky pri hodnotení liečby antibiotikami

Bibliographic Details
Main Authors: Foltán, Viliam, 1946- (Author), Kečler, Slavomíra (Author), Petrzalka, Alexandra (Author), Tesař, Tomáš, 1973- (Author), Ondruš, Dalibor, 1953- (Author)
Format: Article
Language:Slovak
Subjects:

MARC

LEADER 00000nab a2200000 a 4500
001 vtls000831302
003 SK-MaSNL
005 20260304035800.0
008 140303c2003 xo 0 slo
015 |a SNBRB2003/04-11214 
035 |a CLN000182957 
040 |a SNKBUCL  |b slo  |c SNKBUCL  |e AACR2 
041 0 |a slo 
044 |a xo  |c SK 
080 |a 615.33:33  |2 1997 
245 0 0 |a Použitie farmakoekonomiky pri hodnotení liečby antibiotikami  |c Viliam Foltán ... [et al.] 
300 |b Grafy, obr. 
650 0 7 |a antimikrobiálna terapia  |2 SNK  |9 311497 
650 0 7 |a antibiotiká  |2 SNKPH  |9 2424 
655 7 |a články z novín a časopisov  |2 SNK  |9 267496 
700 1 |a Foltán, Viliam,  |d 1946-  |4 aut  |9 215600 
700 1 |a Kečler, Slavomíra  |4 aut  |9 1279942 
700 1 |a Petrzalka, Alexandra  |4 aut  |9 1279943 
700 1 |a Tesař, Tomáš,  |d 1973-  |4 aut  |9 244284 
700 1 |a Ondruš, Dalibor,  |d 1953-  |4 aut  |9 102851 
773 0 |t Zdravotnícke noviny  |g Roč. 8, č. 7 (2003)  |x 1335-4477 
773 0 |t [Príl.] Lekárske listy  |g Č. 7 (2003), s. 33-34  |x 1335-4477 
850 |a Slovenská národná knižnica v Martine 
852 |a SNK  |b KIS3GCP 
958 |a MI 
992 |a RBX 
999 |c 2659708  |d 2661638